The princes in the tower / (Record no. 1216)

000 -LEADER
fixed length control field 01622nam a22004337a 4500
001 - CONTROL NUMBER
control field 1581633
003 - CONTROL NUMBER IDENTIFIER
control field OSt
005 - DATE AND TIME OF LATEST TRANSACTION
control field 20210426112105.0
008 - FIXED-LENGTH DATA ELEMENTS--GENERAL INFORMATION
fixed length control field 940413s1992 engacfh b 000 0ceng d
010 ## - LIBRARY OF CONGRESS CONTROL NUMBER
LC control number 93070004
020 ## - INTERNATIONAL STANDARD BOOK NUMBER
International Standard Book Number 0345383729 :
Terms of availability $23.00
035 ## - SYSTEM CONTROL NUMBER
System control number (OCoLC)29616908
040 ## - CATALOGING SOURCE
Original cataloging agency FM0
Transcribing agency DLC
Modifying agency TCollSM
042 ## - AUTHENTICATION CODE
Authentication code lccopycat
043 ## - GEOGRAPHIC AREA CODE
Geographic area code e-uk---
050 00 - LIBRARY OF CONGRESS CALL NUMBER
Classification number DA259
Item number .W45 1994
080 ## - UNIVERSAL DECIMAL CLASSIFICATION NUMBER
Universal Decimal Classification number 94
Item number W-42
082 00 - DEWEY DECIMAL CLASSIFICATION NUMBER
Classification number 942.04/4/092
-- B
Edition number 20
100 1# - MAIN ENTRY--PERSONAL NAME
Personal name Weir, Alison,
Dates associated with a name 1951-
245 14 - TITLE STATEMENT
Title The princes in the tower /
Statement of responsibility, etc. Alison Weir.
250 ## - EDITION STATEMENT
Edition statement 1st American ed.
260 ## - PUBLICATION, DISTRIBUTION, ETC.
Place of publication, distribution, etc. New York :
Name of publisher, distributor, etc. Ballantine,
Date of publication, distribution, etc. 1992
300 ## - PHYSICAL DESCRIPTION
Extent xv, 287 p., [8] p. of plates :
Other physical details ill., facsims., 1 geneal. table, ports. ;
Dimensions 24 cm.
500 ## - GENERAL NOTE
General note Originally published: London: Bodley Head, 1992.
500 ## - GENERAL NOTE
General note Includes index.
504 ## - BIBLIOGRAPHY, ETC. NOTE
Bibliography, etc. note Bibliography: p. 261-271.
600 00 - SUBJECT ADDED ENTRY--PERSONAL NAME
Personal name Edward
Numeration V,
Titles and other words associated with a name King of England,
Dates associated with a name 1470-1483
General subdivision Death and burial.
600 00 - SUBJECT ADDED ENTRY--PERSONAL NAME
Personal name Richard,
Titles and other words associated with a name Duke of York,
Dates associated with a name 1472-1483
General subdivision Death and burial.
650 #0 - SUBJECT ADDED ENTRY--TOPICAL TERM
Topical term or geographic name entry element Political prisoners
Geographic subdivision Great Britain
Form subdivision Biography.
650 #0 - SUBJECT ADDED ENTRY--TOPICAL TERM
Topical term or geographic name entry element Princes
Geographic subdivision Great Britain
Form subdivision Biography.
650 #0 - SUBJECT ADDED ENTRY--TOPICAL TERM
Topical term or geographic name entry element Murder
Geographic subdivision England
General subdivision History
Chronological subdivision To 1500.
651 #0 - SUBJECT ADDED ENTRY--GEOGRAPHIC NAME
Geographic name Great Britain
General subdivision History
Chronological subdivision Edward IV, 1461-1483.
651 #0 - SUBJECT ADDED ENTRY--GEOGRAPHIC NAME
Geographic name Great Britain
General subdivision Kings and rulers
Form subdivision Biography.
653 ## - INDEX TERM--UNCONTROLLED
Uncontrolled term ისტორია
856 42 - ELECTRONIC LOCATION AND ACCESS
Materials specified Publisher description
Uniform Resource Identifier <a href="http://www.loc.gov/catdir/description/random0412/93070004.html">http://www.loc.gov/catdir/description/random0412/93070004.html</a>
906 ## - LOCAL DATA ELEMENT F, LDF (RLIN)
a 7
b cbc
c copycat
d 3
e opcn
f 19
g y-gencatlg
942 ## - ADDED ENTRY ELEMENTS (KOHA)
Source of classification or shelving scheme
Koha item type Books
Holdings
Withdrawn status Lost status Source of classification or shelving scheme Damaged status Not for loan Permanent location Current location Date acquired Inventory number Total Checkouts Full call number Barcode Date last seen Price effective from Koha item type
          Ken Walker International University Ken Walker International University 02/04/2021 1317   94 W-42 1317 02/04/2021 02/04/2021 Books

Powered by Koha